Datum a čas kvízu
23.5
Celkem bodů
Celkový počet nahraných bodů na tomto kvízu bez doplňovacích otázek.
6.
Pořadí na kvízu
Konečné umístění týmu na tomto kvízu.
Zaznamenané odpovědi
| # | Otázka | Odpověď | Body | Výsledky |
|---|---|---|---|---|
| 1. | Ve středu přidala vláda na čes... | Voice of Europe (Hlas Evropy) | 0 | |
| 2. | Městská rada v anglickém Cambr... | princ Philip | 0 | |
| 3. | Pondělní vyřizování účtů mezi... | Aleš Bejr | 0 | |
| 4. | Minulý týden si žena na severu... | s bambulí (od čepice) | 0 | |
| 5. | Kterými slovy na KF se nazývá... | kolem Flander | 1 | |
| 6. | Věříme, že ovládáte velkou pal... | Drahá vlasti | 1 | |
| 7. | Kterou měnou se platí na ostro... | dánskou korunou | 0 | |
| 8. | Vyberte zemi, jejíž zkratka ná... | C | 0 | |
| 9. | V Evropské unii žije momentáln... | 1C 2B 3A 4D | 1 | |
| 10. | Na snímku z letiště můžete spa... | Dublin | 0 |